Vývoj konkurencieschopnosti Slovenska v rokoch 2008-2017 - stratená dekáda?

Krátkodobá a štrukturálna konkurencieschopnosť Slovenska. Vývoj rastu HDP a nezamestnanosti na Slovensku v rokoch 2008-2017. Vývoj národnej konkurencieschopnosti Slovenska podľa GCI v rokoch 2008-2017. Vývoj pozície štátov V4 v globálnom rebríčku konkurencieschopnosti podľa GCI v rokoch 2008-2018...

Description complète

Enregistré dans:
Détails bibliographiques
Auteur principal: Dudáš, Tomáš, 1976-
Format: Chapitre de livre
Langue:slovaque
Sujets:
Tags: Ajouter un tag
Pas de tags, Soyez le premier à ajouter un tag!

MARC

LEADER 00000naa$a2200000$$$4500
001 0251681
005 20240502074034.0
041 0 |a slo 
044 |a SK 
245 1 0 |a Vývoj konkurencieschopnosti Slovenska v rokoch 2008-2017 - stratená dekáda?  |c Tomáš Dudáš 
520 |a Krátkodobá a štrukturálna konkurencieschopnosť Slovenska. Vývoj rastu HDP a nezamestnanosti na Slovensku v rokoch 2008-2017. Vývoj národnej konkurencieschopnosti Slovenska podľa GCI v rokoch 2008-2017. Vývoj pozície štátov V4 v globálnom rebríčku konkurencieschopnosti podľa GCI v rokoch 2008-2018. Vývoj pozície Slovenska v 12 hlavných pilieroch GCI v rokoch 2008-2017. 
610 2 0 |a konkurencieschopnosť 
610 2 0 |a makroekonomika 
610 2 0 |a vzdelávanie 
610 2 0 |a efektívnosť 
610 2 0 |a trh finančný 
610 2 0 |a trh práce 
610 2 0 |a inovácia 
610 2 0 |a nezamestnanosť 
610 2 0 |a produkt domáci hrubý 
610 2 0 |a Slovensko 
100 1 |a Dudáš, Tomáš, 1976-